00434 a2200157 450000500170000000800410001702000300005804000090008808200140009710000240011124500270013526000570016230000080021965000120022765000370023920260505104210.0260504b |||||||| |||| 00| 0 eng d a9788179753187cRs. 550.00 aMAIN a901bS64I aSinha, Atul Kumar  aItihas: mulay aur arth b Anamika Publishers and Distributorsc2025aNew Delh a166 aHistory aPhilosphy and Theoary of History